Učitavanje...
Operations research /
| Glavni autor: | |
|---|---|
| Format: | Printed Book |
| Izdano: |
Chennai :
Mac Millan India ,
2004.
|
| Teme: |
| LEADER | 00457cam a2200145ua 4500 | ||
|---|---|---|---|
| 020 | |a 1403-93151-8 | ||
| 082 | 1 | 4 | |a 658.4034 |b SHA-O |
| 100 | 1 | |a Sharma, J K . | |
| 245 | 1 | 0 | |a Operations research / |
| 260 | |a Chennai : |b Mac Millan India , |c 2004. | ||
| 300 | |a 321p ; | ||
| 650 | 0 | |a Operations research | |
| 942 | |c BK | ||
| 999 | |c 31810 |d 31810 | ||
| 952 | |0 0 |1 0 |4 0 |6 658_403400000000000_SHAO |7 0 |9 40782 |a KU |b KU |d 2015-07-05 |l 16 |o 658.4034 SHA-O |p MB03058 |r 2020-12-24 |s 2020-03-10 |y BK | ||